[Event "Torneo de Benidorm sub 2300 2019"]
[Site "Benidorm ESP"]
[Date "2019.12.05"]
[Round "8.4"]
[White "Galiana Fernandez, Adrian"]
[Black "Zohaib Hassan, Mohamed"]
[Result "1-0"]
[WhiteElo "2259"]
[BlackElo "2282"]
[PlyCount "93"]
[EventDate "2019.11.29"]
[EventType "swiss"]
[EventRounds "10"]
[EventCountry "ESP"]
[SourceTitle "Ajedrez en Madrid"]
[Source "lmi"]
[SourceDate "2019.11.30"]
[SourceVersion "1"]
[SourceVersionDate "2019.12.08"]
[SourceQuality "1"]

1. d4 Nf6 2. c4 e6 3. Nc3 Bb4 4. Qc2 d5 5. cxd5 exd5 6. Bg5 Be6 7. e3 c5 8.
Bb5+ Nc6 9. dxc5 Qa5 10. Bxc6+ bxc6 11. Bxf6 gxf6 12. Nge2 Qxc5 13. O-O Rc8 14.
a3 Bxc3 15. Nxc3 Rg8 16. Kh1 f5 17. Rac1 a5 18. Qd2 Qa7 19. Rfd1 Ke7 20. b4
axb4 21. axb4 Rg4 22. Ne2 Rc4 23. Rxc4 dxc4 24. Qd6+ Ke8 25. Nd4 Qe7 26. Qe5 c5
27. Nb5 f6 28. Nd6+ Kf8 29. Nxc8 fxe5 30. Nxe7 cxb4 31. Nd5 Bxd5 32. Rxd5 c3
33. Rc5 Ke7 34. Rc4 Kd6 35. g4 Kd5 36. Rc8 fxg4 37. Kg2 Ke4 38. Rc4+ Kd3 39.
Rxb4 c2 40. Rb3+ Kd2 41. Rb2 Kc3 42. Rxc2+ Kxc2 43. Kg3 Kd3 44. Kxg4 Ke4 45. h4
h5+ 46. Kxh5 Kf3 47. Kg5 1-0

[Event "Torneo de Benidorm sub 2300 2019"]
[Site "Benidorm ESP"]
[Date "2019.12.05"]
[Round "8.5"]
[White "Torres Sanchez, Jose"]
[Black "Barbera Estelles, Rosendo"]
[Result "1-0"]
[WhiteElo "2238"]
[BlackElo "2212"]
[PlyCount "47"]
[EventDate "2019.11.29"]
[EventType "swiss"]
[EventRounds "10"]
[EventCountry "ESP"]
[SourceTitle "Ajedrez en Madrid"]
[Source "lmi"]
[SourceDate "2019.11.30"]
[SourceVersion "1"]
[SourceVersionDate "2019.12.08"]
[SourceQuality "1"]

1. e4 e5 2. Nc3 Nf6 3. Nf3 Bb4 4. Bc4 Bxc3 5. bxc3 d6 6. d4 Nbd7 7. O-O O-O 8.
Qd3 h6 9. Bb3 b6 10. Nh4 Bb7 11. Re1 exd4 12. Bxh6 gxh6 13. Nf5 Kh7 14. cxd4
Nxe4 15. Rxe4 Qg5 16. Ne3 Bxe4 17. Qxe4+ f5 18. Qc6 Qd8 19. Be6 Nf6 20. Nxf5
Ng8 21. Qe4 d5 22. Bxd5 Qg5 23. Bxa8 Rxf5 24. g4 1-0

[Event "Torneo de Benidorm sub 2300 2019"]
[Site "Benidorm ESP"]
[Date "2019.12.05"]
[Round "8.6"]
[White "Ayza Leon, David"]
[Black "Gonzalez Guedes, Iyan"]
[Result "1/2-1/2"]
[WhiteElo "2231"]
[BlackElo "2146"]
[PlyCount "73"]
[EventDate "2019.11.29"]
[EventType "swiss"]
[EventRounds "10"]
[EventCountry "ESP"]
[SourceTitle "Ajedrez en Madrid"]
[Source "lmi"]
[SourceDate "2019.11.30"]
[SourceVersion "1"]
[SourceVersionDate "2019.12.08"]
[SourceQuality "1"]

1. e4 c5 2. Nf3 g6 3. d4 cxd4 4. Nxd4 Bg7 5. c4 Nc6 6. Be3 Nf6 7. Nc3 Ng4 8.
Qxg4 Nxd4 9. Qd1 e5 10. Bd3 d6 11. O-O O-O 12. Nd5 Be6 13. Bxd4 exd4 14. f4 Rc8
15. Qb3 Bxd5 16. cxd5 b6 17. Rae1 Re8 18. Bb5 Re7 19. Bc6 Kh8 20. Qg3 Qc7 21.
Qh3 Qd8 22. b4 Qf8 23. Qg3 f6 24. e5 Qd8 25. exf6 Bxf6 26. Rxe7 Qxe7 27. Re1
Qf7 28. Qd3 Rc7 29. f5 gxf5 30. Qxf5 Be5 31. Rxe5 dxe5 32. Qxe5+ Qg7 33. Qe8+
Qg8 34. Qe5+ Qg7 35. Qe8+ Qg8 36. Qxg8+ Kxg8 37. b5 1/2-1/2

[Event "Torneo de Benidorm sub 2300 2019"]
[Site "Benidorm ESP"]
[Date "2019.12.05"]
[Round "8.7"]
[White "Gonzalez Martinez, Miguel Angel"]
[Black "Garcia Molina, Francisco Miguel"]
[Result "1/2-1/2"]
[WhiteElo "2094"]
[BlackElo "2219"]
[PlyCount "63"]
[EventDate "2019.11.29"]
[EventType "swiss"]
[EventRounds "10"]
[EventCountry "ESP"]
[SourceTitle "Ajedrez en Madrid"]
[Source "lmi"]
[SourceDate "2019.11.30"]
[SourceVersion "1"]
[SourceVersionDate "2019.12.08"]
[SourceQuality "1"]

1. d4 Nf6 2. Nf3 e6 3. Bf4 c5 4. e3 Nc6 5. Nbd2 d5 6. c3 Bd6 7. Bg3 O-O 8. Bd3
b6 9. e4 Be7 10. e5 Nh5 11. a3 a5 12. Qe2 c4 13. Bc2 g6 14. Nf1 b5 15. h4 Ra7
16. Bh2 f5 17. exf6 Rxf6 18. Ne5 Nxe5 19. Bxe5 Rf7 20. g3 Bd6 21. Nh2 Bxe5 22.
Qxe5 Qc7 23. Ng4 Qxe5+ 24. Nxe5 Rf8 25. O-O Nf6 26. Rfe1 Ra6 27. f3 Nd7 28. Kf2
Nxe5 29. Rxe5 Kg7 30. h5 Bd7 31. hxg6 hxg6 32. Kg2 1/2-1/2

[Event "Torneo de Benidorm sub 2300 2019"]
[Site "Benidorm ESP"]
[Date "2019.12.05"]
[Round "8.8"]
[White "Jackson, Oliver A"]
[Black "Amdouni, Zoubaier"]
[Result "0-1"]
[WhiteElo "2150"]
[BlackElo "2289"]
[PlyCount "70"]
[EventDate "2019.11.29"]
[EventType "swiss"]
[EventRounds "10"]
[EventCountry "ESP"]
[SourceTitle "Ajedrez en Madrid"]
[Source "lmi"]
[SourceDate "2019.11.30"]
[SourceVersion "1"]
[SourceVersionDate "2019.12.08"]
[SourceQuality "1"]

1. e4 c5 2. Nc3 Nc6 3. f4 g6 4. Nf3 Bg7 5. Bb5 Nd4 6. a4 e6 7. e5 a6 8. Bc4 d5
9. exd6 Qxd6 10. d3 Ne7 11. Ne4 Qc7 12. c3 Ndf5 13. O-O O-O 14. Qe2 b6 15. Ne5
Nd5 16. Bd2 Bb7 17. Rae1 Rae8 18. Qf2 Nd6 19. Bb3 Nxe4 20. dxe4 Nxf4 21. Ng4
Nd3 22. Nf6+ Bxf6 23. Qxf6 Qe7 24. Re2 Qxf6 25. Rxf6 Kg7 26. Rf3 Ne5 27. Rh3
Ng4 28. Rh4 h5 29. h3 Ne5 30. Bf4 f6 31. Bxe5 fxe5 32. Rf2 Rxf2 33. Kxf2 Kh6
34. g4 Kg5 35. Kg3 Rd8 0-1

[Event "Torneo de Benidorm sub 2300 2019"]
[Site "Benidorm ESP"]
[Date "2019.12.05"]
[Round "8.9"]
[White "Lornye, Pylyp"]
[Black "Gromovs, Sergejs"]
[Result "1-0"]
[WhiteElo "2284"]
[BlackElo "2128"]
[PlyCount "25"]
[EventDate "2019.11.29"]
[EventType "swiss"]
[EventRounds "10"]
[EventCountry "ESP"]
[SourceTitle "Ajedrez en Madrid"]
[Source "lmi"]
[SourceDate "2019.11.30"]
[SourceVersion "1"]
[SourceVersionDate "2019.12.08"]
[SourceQuality "1"]

1. Nf3 c5 2. g3 b5 3. Bg2 Bb7 4. O-O d5 5. d3 Nc6 6. Nbd2 a6 7. e4 h6 8. Re1 e5
9. exd5 Qxd5 10. Nxe5 Qxg2+ 11. Kxg2 Nxe5+ 12. Kg1 f6 13. f4 1-0

[Event "Torneo de Benidorm sub 2300 2019"]
[Site "Benidorm ESP"]
[Date "2019.12.05"]
[Round "8.10"]
[White "Gomez Sanjuan, Hector Fernando"]
[Black "Chernikov, Vladimir"]
[Result "1/2-1/2"]
[WhiteElo "2145"]
[BlackElo "2272"]
[PlyCount "54"]
[EventDate "2019.11.29"]
[EventType "swiss"]
[EventRounds "10"]
[EventCountry "ESP"]
[SourceTitle "Ajedrez en Madrid"]
[Source "lmi"]
[SourceDate "2019.11.30"]
[SourceVersion "1"]
[SourceVersionDate "2019.12.08"]
[SourceQuality "1"]

1. d4 Nf6 2. c4 d6 3. Nf3 Bf5 4. Nc3 h6 5. g3 Ne4 6. Nd2 Nxd2 7. Qxd2 e5 8. Bg2
Qc8 9. O-O Bh3 10. Bxh3 Qxh3 11. dxe5 dxe5 12. Nb5 Qc8 13. Qd5 Nd7 14. Be3 a6
15. Nc3 Be7 16. Rad1 c6 17. Qd3 Nf6 18. Ne4 O-O 19. Nxf6+ Bxf6 20. Qd7 b5 21.
Qxc8 Rfxc8 22. b3 bxc4 23. bxc4 Rab8 24. Rb1 Rd8 25. a4 Be7 26. c5 Rxb1 27.
Rxb1 Rd5 1/2-1/2

[Event "Torneo de Benidorm sub 2300 2019"]
[Site "Benidorm ESP"]
[Date "2019.12.06"]
[Round "9.1"]
[White "Gavarrete, Nahun"]
[Black "Garcia Trobat, Francisco"]
[Result "1-0"]
[WhiteElo "2300"]
[BlackElo "2244"]
[PlyCount "47"]
[EventDate "2019.11.29"]
[EventType "swiss"]
[EventRounds "10"]
[EventCountry "ESP"]
[SourceTitle "Ajedrez en Madrid"]
[Source "lmi"]
[SourceDate "2019.11.30"]
[SourceVersion "1"]
[SourceVersionDate "2019.12.08"]
[SourceQuality "1"]

1. e4 c5 2. Nf3 d6 3. d4 cxd4 4. Nxd4 Nf6 5. Nc3 a6 6. h3 e6 7. g4 b5 8. g5 b4
9. gxf6 bxc3 10. fxg7 Bxg7 11. bxc3 Qc7 12. Bd2 Nc6 13. Rg1 Be5 14. f4 Bf6 15.
Be3 Bb7 16. Qd3 Rc8 17. Rb1 Bh4+ 18. Kd1 Nxd4 19. Qxd4 Ke7 20. Bd3 Ba8 21. e5
Rb8 22. Rxb8 Rxb8 23. f5 Rb1+ 24. Kd2 1-0

[Event "Torneo de Benidorm sub 2300 2019"]
[Site "Benidorm ESP"]
[Date "2019.12.06"]
[Round "9.2"]
[White "Cano Gimenez, Vicente"]
[Black "Torres Sanchez, Jose"]
[Result "1-0"]
[WhiteElo "2256"]
[BlackElo "2238"]
[PlyCount "95"]
[EventDate "2019.11.29"]
[EventType "swiss"]
[EventRounds "10"]
[EventCountry "ESP"]
[SourceTitle "Ajedrez en Madrid"]
[Source "lmi"]
[SourceDate "2019.11.30"]
[SourceVersion "1"]
[SourceVersionDate "2019.12.08"]
[SourceQuality "1"]

1. Nf3 g6 2. g3 Bg7 3. d4 Nf6 4. Bg2 O-O 5. O-O Nc6 6. b3 d6 7. Bb2 Ne4 8. Nbd2
Bf5 9. Nh4 Nxd2 10. Qxd2 Bd7 11. c4 e5 12. dxe5 dxe5 13. Rfd1 Bg4 14. Bxc6 bxc6
15. f3 Qxd2 16. Rxd2 Be6 17. f4 f6 18. Nf3 Bh6 19. e3 Bh3 20. Ba3 Rfe8 21. Kf2
a5 22. Bc5 a4 23. b4 Bf5 24. a3 g5 25. fxg5 fxg5 26. g4 Bxg4 27. Rg1 Bh5 28.
Nxg5 Bg6 29. Rd7 Rad8 30. Rxd8 Rxd8 31. Nf3 Bg7 32. Ke2 Kh8 33. Ng5 Bh5+ 34.
Ke1 Rd1+ 35. Kf2 Rd2+ 36. Kg3 Bg6 37. Rf1 Kg8 38. Ne6 Bh6 39. h4 Bf7 40. Ng5
Bxc4 41. Rf6 Bxg5 42. hxg5 Bd5 43. Kg4 Rg2+ 44. Kf5 Rf2+ 45. Kxe5 Rf3 46. Rh6
Rg3 47. e4 Re3 48. Bxe3 1-0

[Event "Torneo de Benidorm sub 2300 2019"]
[Site "Benidorm ESP"]
[Date "2019.12.06"]
[Round "9.3"]
[White "Levay, Sorin"]
[Black "Galiana Fernandez, Adrian"]
[Result "1/2-1/2"]
[WhiteElo "2170"]
[BlackElo "2259"]
[PlyCount "53"]
[EventDate "2019.11.29"]
[EventType "swiss"]
[EventRounds "10"]
[EventCountry "ESP"]
[SourceTitle "Ajedrez en Madrid"]
[Source "lmi"]
[SourceDate "2019.11.30"]
[SourceVersion "1"]
[SourceVersionDate "2019.12.08"]
[SourceQuality "1"]

1. e4 c5 2. g3 d5 3. d3 h5 4. Nd2 h4 5. Bg2 h3 6. Bf3 Nc6 7. c3 Nf6 8. exd5 Ne5
9. Nc4 Nxf3+ 10. Nxf3 Qxd5 11. Ne3 Qc6 12. O-O Rh5 13. d4 Ng4 14. Ne1 Nxe3 15.
Bxe3 g6 16. dxc5 Be6 17. f3 Bc4 18. Rf2 Rd8 19. Qc2 e5 20. b3 Be6 21. g4 Rh8
22. Nd3 Bg7 23. Re1 Qd7 24. Rd2 Qc6 25. Rf2 Qd7 26. Rd2 Qc6 27. Rf2 1/2-1/2

[Event "Torneo de Benidorm sub 2300 2019"]
[Site "Benidorm ESP"]
[Date "2019.12.06"]
[Round "9.4"]
[White "Zohaib Hassan, Mohamed"]
[Black "Hristodorescu, Daniel"]
[Result "0-1"]
[WhiteElo "2282"]
[BlackElo "2131"]
[PlyCount "100"]
[EventDate "2019.11.29"]
[EventType "swiss"]
[EventRounds "10"]
[EventCountry "ESP"]
[SourceTitle "Ajedrez en Madrid"]
[Source "lmi"]
[SourceDate "2019.11.30"]
[SourceVersion "1"]
[SourceVersionDate "2019.12.08"]
[SourceQuality "1"]

1. e4 e5 2. Nf3 Nc6 3. Bc4 Bc5 4. c3 Nf6 5. d4 exd4 6. cxd4 Bb4+ 7. Nc3 Nxe4 8.
O-O Bxc3 9. bxc3 d5 10. Bb5 O-O 11. Bxc6 bxc6 12. Qa4 Qf6 13. Ba3 Re8 14. Qa5
Bg4 15. Ne5 Be2 16. f3 Bxf1 17. fxe4 Be2 18. Re1 Bh5 19. Qxc7 dxe4 20. Qxc6
Qxc6 21. Nxc6 f6 22. Ne7+ Kf7 23. Rxe4 Rab8 24. d5 Rb1+ 25. Kf2 Ra1 26. Bc5
Rxa2+ 27. Kg1 Ra5 28. Nf5 Rxc5 29. Nd6+ Kf8 30. Nxe8 Bxe8 31. c4 a5 32. Kf2 a4
33. Ke3 Bg6 34. Re6 Rxc4 35. Ra6 Re4+ 36. Kf3 Rd4 37. d6 Ke8 38. Ke3 Rd3+ 39.
Ke2 a3 40. h4 Rb3 41. Ra7 Bb1 42. Rxg7 a2 43. Ra7 Rb2+ 44. Ke3 Rxg2 45. Kd4 f5
46. Kd5 f4 47. Ra8+ Kf7 48. d7 Rd2+ 49. Ke5 f3 50. Ra7 Ke7 0-1

[Event "Torneo de Benidorm sub 2300 2019"]
[Site "Benidorm ESP"]
[Date "2019.12.06"]
[Round "9.5"]
[White "Amdouni, Zoubaier"]
[Black "Ayza Leon, David"]
[Result "0-1"]
[WhiteElo "2289"]
[BlackElo "2231"]
[PlyCount "90"]
[EventDate "2019.11.29"]
[EventType "swiss"]
[EventRounds "10"]
[EventCountry "ESP"]
[SourceTitle "Ajedrez en Madrid"]
[Source "lmi"]
[SourceDate "2019.11.30"]
[SourceVersion "1"]
[SourceVersionDate "2019.12.08"]
[SourceQuality "1"]

1. e4 e5 2. Nf3 Nc6 3. Bb5 a6 4. Ba4 Nf6 5. O-O Be7 6. Re1 b5 7. Bb3 Bb7 8. d4
d6 9. c3 O-O 10. Nbd2 h6 11. Nf1 exd4 12. cxd4 Na5 13. Bc2 c5 14. Ng3 Bc8 15.
Qe2 Re8 16. dxc5 dxc5 17. e5 Bf8 18. Rd1 Qb6 19. Qd3 c4 20. Qe2 Qc7 21. Bf4 Nc6
22. Qd2 Nh7 23. Be4 Re6 24. Nd4 Nxd4 25. Bxa8 Nc6 26. Nf5 Nxe5 27. Qd8 Nf3+ 28.
gxf3 Qxf4 29. Ng3 Qb8 30. Bd5 Rg6 31. Be4 Ng5 32. Bxg6 fxg6 33. Rd7 Nxf3+ 34.
Kg2 Ne5 35. Rd5 Nf7 36. Qe8 Bh3+ 37. Kxh3 Qxe8 38. Rad1 Ng5+ 39. Kg2 Qe6 40.
Rd8 Qh3+ 41. Kh1 Nf3 42. Nf1 Nh4 43. Ne3 Qf3+ 44. Kg1 Kh7 45. Re8 Bc5 0-1

[Event "Torneo de Benidorm sub 2300 2019"]
[Site "Benidorm ESP"]
[Date "2019.12.06"]
[Round "9.6"]
[White "Garcia Molina, Francisco Miguel"]
[Black "Lornye, Pylyp"]
[Result "1-0"]
[WhiteElo "2219"]
[BlackElo "2284"]
[PlyCount "125"]
[EventDate "2019.11.29"]
[EventType "swiss"]
[EventRounds "10"]
[EventCountry "ESP"]
[SourceTitle "Ajedrez en Madrid"]
[Source "lmi"]
[SourceDate "2019.11.30"]
[SourceVersion "1"]
[SourceVersionDate "2019.12.08"]
[SourceQuality "1"]

1. e4 d6 2. d4 Nf6 3. Nc3 g6 4. f4 Bg7 5. Nf3 O-O 6. Bd3 Nc6 7. e5 dxe5 8. fxe5
Nh5 9. Be3 Nb4 10. Be2 f6 11. Bc4+ e6 12. O-O Nd5 13. Nxd5 exd5 14. Be2 fxe5
15. Nxe5 Nf6 16. c4 c6 17. Qb3 Qb6 18. c5 Qxb3 19. axb3 Be6 20. Ra4 a6 21. Rb4
Ra7 22. Bd3 Ne4 23. Rxf8+ Bxf8 24. Bxe4 dxe4 25. Nc4 a5 26. Ra4 Ra6 27. Nxa5
Bxb3 28. Ra3 Bc2 29. Nxb7 Rxa3 30. bxa3 Ba4 31. Kf2 Kf7 32. Nd6+ Bxd6 33. cxd6
Ke6 34. Bf4 Bb5 35. Ke3 Bd3 36. a4 Kd7 37. a5 Ke6 38. h4 Kd7 39. Kd2 Ba6 40.
Ke3 Bd3 41. Bh2 Ke6 42. Bg3 h6 43. Kd2 Ba6 44. Kc3 e3 45. Kb4 Kd7 46. Kc5 Bf1
47. Kb6 Bxg2 48. a6 c5 49. dxc5 Bc6 50. Ka7 Kc8 51. Kb6 Kd7 52. Ka5 e2 53. Kb4
Kc8 54. Kc4 h5 55. Kb4 Kd7 56. Ka5 Be4 57. Kb6 Bf3 58. Ka7 Kc8 59. d7+ Kxd7 60.
Kb8 Kc6 61. Bf2 e1=Q 62. Bxe1 Kxc5 63. Bd2 1-0

[Event "Torneo de Benidorm sub 2300 2019"]
[Site "Benidorm ESP"]
[Date "2019.12.06"]
[Round "9.7"]
[White "Gonzalez Guedes, Iyan"]
[Black "Scherer, Helmut"]
[Result "1/2-1/2"]
[WhiteElo "2146"]
[BlackElo "2278"]
[PlyCount "50"]
[EventDate "2019.11.29"]
[EventType "swiss"]
[EventRounds "10"]
[EventCountry "ESP"]
[SourceTitle "Ajedrez en Madrid"]
[Source "lmi"]
[SourceDate "2019.11.30"]
[SourceVersion "1"]
[SourceVersionDate "2019.12.08"]
[SourceQuality "1"]

1. e4 e5 2. Nf3 Nc6 3. Bc4 Bc5 4. O-O d6 5. c3 Qe7 6. d3 Nf6 7. Nbd2 a6 8. a4
Be6 9. b4 Ba7 10. b5 Nb8 11. Ba3 axb5 12. axb5 Nbd7 13. d4 Bxc4 14. Nxc4 Nxe4
15. dxe5 Qe6 16. Qd3 Nec5 17. Bxc5 Nxc5 18. Qe2 d5 19. Nd4 Qd7 20. b6 dxc4 21.
Rxa7 O-O 22. Rfa1 Rae8 23. Qxc4 Rxe5 24. bxc7 Qxc7 25. Rb1 Rfe8 1/2-1/2

[Event "Torneo de Benidorm sub 2300 2019"]
[Site "Benidorm ESP"]
[Date "2019.12.06"]
[Round "9.8"]
[White "Peña Duarte, Fabian Dario"]
[Black "Doroshenko, Diana"]
[Result "0-1"]
[WhiteElo "2237"]
[BlackElo "2159"]
[PlyCount "54"]
[EventDate "2019.11.29"]
[EventType "swiss"]
[EventRounds "10"]
[EventCountry "ESP"]
[SourceTitle "Ajedrez en Madrid"]
[Source "lmi"]
[SourceDate "2019.11.30"]
[SourceVersion "1"]
[SourceVersionDate "2019.12.08"]
[SourceQuality "1"]

1. d4 Nf6 2. c4 g6 3. Nc3 Bg7 4. e4 d6 5. h3 O-O 6. Be3 c5 7. dxc5 Qa5 8. Bd3
dxc5 9. e5 Nfd7 10. f4 Rd8 11. Qb1 Nc6 12. Nf3 Nb4 13. Be2 Nf8 14. a3 Nc6 15.
Bd3 Ne6 16. O-O Ned4 17. Bxd4 Nxd4 18. b4 Qb6 19. Na4 Qc7 20. Nxc5 Bh6 21. Nxd4
Rxd4 22. Be4 Rb8 23. f5 Qxe5 24. fxg6 hxg6 25. Qe1 b6 26. Qf2 Bf5 27. Nb3 Rxe4
0-1

[Event "Torneo de Benidorm sub 2300 2019"]
[Site "Benidorm ESP"]
[Date "2019.12.06"]
[Round "9.9"]
[White "Martin Barcelo, Carles"]
[Black "Gonzalez Martinez, Miguel Angel"]
[Result "1-0"]
[WhiteElo "2196"]
[BlackElo "2094"]
[PlyCount "123"]
[EventDate "2019.11.29"]
[EventType "swiss"]
[EventRounds "10"]
[EventCountry "ESP"]
[SourceTitle "Ajedrez en Madrid"]
[Source "lmi"]
[SourceDate "2019.11.30"]
[SourceVersion "1"]
[SourceVersionDate "2019.12.08"]
[SourceQuality "1"]

1. e4 d6 2. d4 Nf6 3. Nc3 Nbd7 4. g4 h6 5. Be3 e5 6. f3 c6 7. Nge2 Qa5 8. Qd2
d5 9. exd5 Nxd5 10. Nxd5 Qxd2+ 11. Bxd2 cxd5 12. Nc3 exd4 13. Nb5 Kd8 14. Nxd4
Bc5 15. Be3 Ne5 16. Kf2 Nc4 17. Nc6+ bxc6 18. Bxc5 Kc7 19. b3 Nb6 20. Re1 Be6
21. Bd4 Rhg8 22. Kg3 Kd6 23. f4 f6 24. f5 Bf7 25. Be3 Rge8 26. Bf4+ Kd7 27. Ba6
Rxe1 28. Rxe1 Re8 29. Rxe8 Bxe8 30. Bb8 d4 31. Bxa7 Nd5 32. Bxd4 Nb4 33. Bd3
Nxa2 34. Bc5 h5 35. Bf8 hxg4 36. Bxg7 Ke7 37. Kxg4 Kf7 38. Bh6 Nc3 39. Bd2 Nd5
40. Bc4 Kg7 41. Bxd5 cxd5 42. Bc3 Bb5 43. Bd4 Be2+ 44. Kf4 Bd1 45. b4 Bxc2 46.
b5 Ba4 47. b6 Bc6 48. h4 Kf7 49. h5 Kg7 50. Kg4 Bb7 51. Kf4 Bc6 52. h6+ Kxh6
53. Bxf6 Bb7 54. Ke5 Kh5 55. Be7 Kh6 56. Bf6 Kh5 57. Be7 Kh6 58. Kf6 Kh5 59.
Kf7 d4 60. Bb4 Kg4 61. f6 Kf5 62. Ke7 1-0

[Event "Torneo de Benidorm sub 2300 2019"]
[Site "Benidorm ESP"]
[Date "2019.12.06"]
[Round "9.10"]
[White "Lacrosse, Marc"]
[Black "Chernikov, Vladimir"]
[Result "0-1"]
[WhiteElo "2162"]
[BlackElo "2272"]
[PlyCount "74"]
[EventDate "2019.11.29"]
[EventType "swiss"]
[EventRounds "10"]
[EventCountry "ESP"]
[SourceTitle "Ajedrez en Madrid"]
[Source "lmi"]
[SourceDate "2019.11.30"]
[SourceVersion "1"]
[SourceVersionDate "2019.12.08"]
[SourceQuality "1"]

1. d4 Nf6 2. c4 e5 3. dxe5 Ng4 4. Bf4 g5 5. Bg3 Bg7 6. Nf3 Nc6 7. Nc3 Ngxe5 8.
Nxe5 Nxe5 9. h4 g4 10. h5 Nxc4 11. e4 Ne5 12. Nd5 Bf6 13. Qc2 c6 14. Nxf6+ Qxf6
15. Qc3 d6 16. Rd1 O-O 17. Qd4 Re8 18. Qxd6 Nf3+ 19. gxf3 Qxf3 20. Rh2 Qxe4+
21. Kd2 Bf5 22. Bd3 Qxd3+ 23. Qxd3 Bxd3 24. Kxd3 Rad8+ 25. Kc2 Re2+ 26. Kc1
Rxd1+ 27. Kxd1 Rxb2 28. f3 Rxh2 29. Bxh2 gxf3 30. Bg1 Kg7 31. Be3 Kf6 32. Ke1
Kf5 33. Kf2 Kg4 34. h6 b6 35. Bd4 c5 36. Be5 b5 37. Bd6 c4 0-1